| 000 | 00968cab a2200217 4500 | ||
|---|---|---|---|
| 001 | ##L134746 | ||
| 008 | 060830n2006 000 0 eng u | ||
| 035 | _a(Sirsi) u134746 | ||
| 041 | 0 | _aeng | |
| 100 | 1 | _aMackie, Bill | |
| 245 | 0 | 0 | _aWatch the language |
| 260 | _c2006 | ||
| 490 | 0 |
_aEstates Gazette _v(0634) 26 August 2006, 88(1) |
|
| 520 | _aSuggests that housebuilders should examine their documentation to ensure that it is comprehensible to their customers. Legal documents should be written in plain English, otherwise they could be deemed unfair under the Unfair Terms in Consumer Contracts Regulations 1999, where a contract term can be rendered unenforceable if it is unfair due to being written in unintelligible language. | ||
| 590 | _aIKA050906 | ||
| 650 | 2 | 4 | _aUNFAIR TERMS IN CONSUMER CONTRACTS REGULATIONS 1999 |
| 651 | 4 |
_aUnited Kingdom _y |
|
| 690 | _aPROPERTY-PROPERTY ACQUISITION AND DISPOSAL | ||
| 700 | 1 | _aHigbee, Janet | |
| 942 | _n0 | ||
| 999 |
_c77636 _d77636 |
||